000 00344 a2200121 4500
001 ART_6957
005 20260410161659.0
008 260409a
245 1 0 _aLa Paradoja de Feldstein-Horioka
100 1 _aBebczuk, Ricardo
700 1 _aSchmidt-Hebbel, Klaus
773 0 _tEnsayos Económicos
_g- Nº 46 (ene. 2007)
_wREV620
999 _c15021
_d15021